| 000 | 01000 a2200277 4500 | ||
|---|---|---|---|
| 999 |
_c4678 _d4678 |
||
| 020 | _a9780195992878 (pbk.) | ||
| 020 | _a0195992873 (pbk.) | ||
| 050 | 0 | 0 | _aLC1033.5.S6WES2010 |
| 100 | 1 | _aWessels, Marguerite. | |
| 245 | 1 | 0 |
_aPractical guide to facilitating language learning / _cMarguerite Wessels. |
| 250 | _a3rd ed. | ||
| 264 |
_aSouth Africa: _bOxford, _cc2010 |
||
| 300 |
_avii, 392 p. : _bill. |
||
| 500 | _aIncludes bibliographical references (p. 386-387) and index. | ||
| 650 | 0 | _aCompetency-based education | |
| 650 | 0 |
_aLanguage and languages _xStudy and teaching |
|
| 650 | 0 | _aActivity programs in education | |
| 650 | 0 | _aSchool improvement programs | |
| 650 | 7 | _aActivity programs in education. | |
| 650 | 7 | _aCompetency-based education. | |
| 650 | 7 |
_aLanguage and languages _xStudy and teaching. |
|
| 650 | 7 | _aSchool improvement programs. | |
| 651 | 7 | _aSouth Africa. | |
| 942 |
_2lcc _cBK _h1033.5.s6 _iWES _kLC |
||